00923nam a22002775i 4500001000700000003000900007005001700016008004100033020001800074080001900092080001800111245016900129260004700298300004200345490004000387500001400427504002000441650002000461650001100481700001900492700002000511700001800531700002100549830004000570852003500610176162ES-MaACL20230906220017.0101221s1980 sp a |||| | spa d a84-345-1954-2 a616.441-008.64 a616.441-006.500aHipotiroidismo y bocio / cdirectores, David Evered, Reginald Hall ; consejo editorial G. M. Besser... [et al.] ; [traducción del inglés a cargo de E. Gelpí]. aBarcelona [etc.] : bSalvat, cD. L. 1980. aX, 266 p. : bil. bl. y n. ; c25 cm.1 aClínica endocrinológica ; v7/1 aÍndice. aBibliografía.04aHipotiroidismo. 4aBocio.1 aEvered, David.1 aHall, Reginald.1 aBesser, G. M.1 aGelpí, Emilio.0 aClínica endocrinológica ; v7/1 aES-MaACLjE-13856 xOlim P-263